Footballers Drawn by AI #2 - Statistics

General Stats
  • This quiz has been taken 2,232 times
  • The average score is 12 of 16
Answer Stats
Picture Answer % Correct
Lionel Messi
100%
Kylian Mbappé
97%
Ronaldinho
96%
Luka Modrić
95%
Heung-min Son
91%
Petr Čech
82%
Gianluigi Buffon
80%
David Beckham
76%
Didier Drogba
75%
Vincent Kompany
73%
Oliver Kahn
70%
Eusébio
65%
Edgar Davids
64%
Pavel Nedvěd
62%
Radamel Falcao
55%
Kenny Dalglish
41%
No matching quizzes found
Score Distribution
Percent of People with Each Score
Percentile by Number Answered
Your Score History
You have not taken this quiz